000 02157nam a2200301Ia 4500
008 130821s1880 fr gr lat
040 _aCo-BoUCM
_bspa
041 1 _alat
092 _aE21N017
100 1 _aVallet, P.
242 0 0 _aLecciones de filosofía según la doctrina de Santo Tomás de Aquino
_cP. Vallet
_nTomo primero
_pLógica y Antropología
_yspa
245 1 0 _aPraelectiones philosophicae ad mentem S.Thomae Aquinatis
_cautore P. Vallet
_nTomus Primus
_pLogica et anthropologia.
246 1 3 _a[Lecciones de filosofía según la doctrina de Santo Tomás de Aquino
_nTomo primero
_pLógica y Antropología]
250 _aAltera editio
_bemendata [2 ed.
_brevisada]
260 _aParís (Francia)
_bA, Roger et F. Chernoviz
_c1880
300 _a492 páginas
500 _aColección incompleta.
500 _aDetalles físicos: Encuadernación rígida (holandesa) en cartón duro forrado en papel jaspeado con lomo en piel, muy deteriorado y desteñido, con letras y adornos en dorado. Conserva guardas, anteportada y portada impresa a una sola tinta y en diferentes tipos de letra. Texto bien impreso, en una sola columna, sobre papel de buena calidad, notas de pie de página. Visible residuos de cinta en tapas. En la anteportada anotaciones manuscritas a lápiz: "2,40". Un sello de tinta: "+ J Gómez O". Otro sello de tinta dice: "El Colegio de Nuestra Señora del Rosario". En la portada sellos de tinta: "El Colegio de Nuestra Señora del Rosario" y "Del Colegio Mayor del Rosario".
505 0 _aV.1: Introducción a la filosofía. -- Lógica: Naturaleza, división, importancia de la lógica. ; La búsqueda de la verdad (Criteriología). ; Dialéctica. ; El método. ; Metodología. -- Antropología: Las potencias del alma: en general y en particular. ; Apéndice. ; La naturaleza del hombre. ; Unión del alma con el cuerpo. ; El alma en sí misma.
506 _aConsulta en sala.
650 0 4 _aEscolasticismo
_914772
650 0 4 _aFilosofía
_975
650 0 4 _aTomismo
_925513
700 1 _aChernoviz, F.
_eed.
700 1 _aRoger, A.
_eed.
942 _cLIBRO
_a2
_e2
_2DEWEY
_h189.4
999 _c37718
_d37718